[Event "Titled Tuesday intern op 24th Jan Late"]
[Site "Chess.com INT"]
[Date "2023.01.24"]
[Round "9"]
[White "Arabidze, Meri"]
[Black "Le Goff, Ronan"]
[Result "1-0"]
[WhiteElo "2427"]
[BlackElo "2318"]
[PlyCount "133"]
[EventDate "2023.01.24"]
[EventType "swiss (blitz)"]
[EventRounds "11"]
[EventCountry "USA"]
[SourceTitle "EXT 2024"]
[Source "ChessBase"]
[SourceDate "2023.10.10"]
[SourceVersion "1"]
[SourceVersionDate "2023.10.10"]
[SourceQuality "1"]

1. Nf3 Nf6 2. b3 d5 3. Bb2 Bf5 4. g3 e6 5. Bg2 h6 6. 0-0 Be7 7. d3 0-0 8. Nbd2 Bh7 9. c4 c6 10. Rc1 a5 11. a3 Nbd7 12. Rc2 Ne8 13. Qa1 Bf6 14. Bxf6 Qxf6 15. Qxf6 Ndxf6 16. Ne5 Nd6 17. Ndf3 Rfe8 18. Rb2 Re7 19. Rc1 Rd8 20. h3 Nd7 21. Nxd7 Rexd7 22. cxd5 exd5 23. Rc5 Ra8 24. g4 Re7 25. Nd4 Bg6 26. Kf1 Kf8 27. f4 f5 28. Nf3 fxg4 29. Ne5 Be8 30. hxg4 Kg8 31. d4 g5 32. e3 Nf7 33. Rf2 Nxe5 34. fxe5 Bg6 35. Bf3 Kg7 36. Kg2 Rf8 37. Bd1 Be4+ 38. Kg3 Rxf2 39. Kxf2 Rf7+ 40. Ke1 a4 41. bxa4 Kg6 42. a5 Bd3 43. Bc2 Bxc2 44. Rxc2 h5 45. gxh5+ Kxh5 46. a6 bxa6 47. Rxc6 g4 48. e6 Re7 49. Kf2 a5 50. e4 dxe4 51. d5 Kg5 52. Ke3 g3 53. Kxe4 g2 54. Rc1 Rc7 55. Rg1 Rc2 56. d6 Kf6 57. d7 Ke7 58. Rd1 Re2+ 59. Kf3 Rd2 60. Rxd2 g1Q 61. d8Q+ Kxe6 62. Qd7+ Ke5 63. Rd5+ Kf6 64. Rd6+ Kg5 65. Qg7+ Kh4 66. Qxg1 a4 67. Rh6# 1-0

[Event "Titled Tuesday intern op 24th Jan Late"]
[Site "Chess.com INT"]
[Date "2023.01.24"]
[Round "3"]
[White "Le Goff, Ronan"]
[Black "Chor, Kevin"]
[Result "1-0"]
[WhiteElo "2318"]
[BlackElo "1944"]
[PlyCount "65"]
[EventDate "2023.01.24"]
[EventType "swiss (blitz)"]
[EventRounds "11"]
[EventCountry "USA"]
[SourceTitle "EXT 2024"]
[Source "ChessBase"]
[SourceDate "2023.10.10"]
[SourceVersion "1"]
[SourceVersionDate "2023.10.10"]
[SourceQuality "1"]

1. d4 Nf6 2. c4 g6 3. Nf3 Bg7 4. Nc3 0-0 5. e4 d6 6. h3 e5 7. d5 Nh5 8. g4 Nf4 9. Be3 f5 10. gxf5 gxf5 11. Rg1 fxe4 12. Nxe4 Bf5 13. Neg5 Na6 14. Bxf4 exf4 15. Nd4 Qe7+ 16. Be2 Nc5 17. Kf1 Rae8 18. Nxf5 Rxf5 19. h4 h6 20. Bg4 Rxg5 21. hxg5 hxg5 22. Qc2 Qe5 23. Rh1 Ne4 24. Re1 Qxb2 25. Qxb2 Bxb2 26. Be6+ Rxe6 27. dxe6 Nd2+ 28. Kg2 f3+ 29. Kg3 Be5+ 30. Rxe5 dxe5 31. Rd1 Nxc4 32. Rd8+ Kg7 33. e7 1-0

[Event "Titled Tuesday intern op 10th Jan Late"]
[Site "Chess.com INT"]
[Date "2023.01.10"]
[Round "2"]
[White "Le Goff, Ronan"]
[Black "Sailer, Mike L"]
[Result "1-0"]
[WhiteElo "2318"]
[BlackElo "2109"]
[PlyCount "157"]
[EventDate "2023.01.10"]
[EventType "swiss (blitz)"]
[EventRounds "11"]
[EventCountry "USA"]
[SourceTitle "EXT 2024"]
[Source "ChessBase"]
[SourceDate "2023.10.10"]
[SourceVersion "1"]
[SourceVersionDate "2023.10.10"]
[SourceQuality "1"]

1. d4 d5 2. c4 Bf5 3. cxd5 Bxb1 4. Qa4+ Qd7 5. Qxd7+ Nxd7 6. Rxb1 Ngf6 7. e3 Nb6 8. a3 Nbxd5 9. Bd2 a5 10. Ne2 e6 11. Rc1 c6 12. Nc3 Nxc3 13. Bxc3 Ne4 14. a4 Nxc3 15. bxc3 Kd7 16. Rb1 Kc7 17. Be2 Bd6 18. Kd2 e5 19. Rb3 exd4 20. cxd4 Bb4+ 21. Kc2 f5 22. h4 g6 23. h5 g5 24. g3 h6 25. Rd3 Rad8 26. Rhd1 Rhf8 27. d5 Rxd5 28. Rxd5 cxd5 29. Rxd5 Rf6 30. Kb3 f4 31. gxf4 gxf4 32. e4 Rd6 33. Rf5 Rd2 34. Rf7+ Kd6 35. Bc4 Rxf2 36. Rxb7 Ke5 37. Bd5 f3 38. Kc4 Rh2 39. Rf7 Rxh5 40. Rxf3 Rg5 41. Rh3 h5 42. Kd3 Be1 43. Rh1 Bg3 44. Bb3 h4 45. Bd1 Rg7 46. Bf3 Rd7+ 47. Ke2 Rd4 48. Rb1 Rxa4 49. Rb5+ Kd4 50. Rd5+ Kc4 51. Rh5 Ra2+ 52. Ke3 Ra3+ 53. Ke2 Ra2+ 54. Ke3 Bf2+ 55. Kf4 a4 56. e5 Bg3+ 57. Kf5 a3 58. e6 Ra1 59. e7 Rf1 60. e8Q Rxf3+ 61. Kg4 Rf4+ 62. Kh3 Rd4 63. Qb5+ Kc3 64. Rc5+ Kd2 65. Qa5+ Ke3 66. Qxa3+ Rd3 67. Rc3 Rxc3 68. Qxc3+ Kf4 69. Qd4+ Kf3 70. Qd3+ Kf4 71. Qe2 Kf5 72. Qf3+ Ke5 73. Kg4 Kd4 74. Kf5 Kc4 75. Ke4 Kc5 76. Qd3 Kc6 77. Kf5 Kc5 78. Ke6 Kb4 79. Kd5 1-0